| 000 | 00430nam a2200181Ia 4500 | ||
|---|---|---|---|
| 005 | 20250423094403.0 | ||
| 008 | 250422s9999 xx 000 0 und d | ||
| 020 | _a0-669-43359-4 | ||
| 050 | _aQA 152.3 .L45/ | ||
| 100 | _aLarson, Roland E. | ||
| 245 | 0 | _aAlgebra 1 : an integrated approach | |
| 260 | _aBoston | ||
| 260 | _bMcDougal Littell Inc | ||
| 260 | _c1998 | ||
| 300 | _a808 p | ||
| 650 | _aAlgebra | ||
| 942 | _cBK | ||
| 999 |
_c27086 _d27086 |
||